| 000 | 01180nas a2200313 4500 | ||
|---|---|---|---|
| 001 | BR2013006568 | ||
| 003 | BR-BrBNA | ||
| 005 | 20231205122806.0 | ||
| 007 | ta | ||
| 008 | 230509b bl.|||p| |||| 00| 00por d | ||
| 040 |
_aBR-BrBNA _bpor _cBiblioteca Nacional de Agricultura |
||
| 041 | _a(Pt) | ||
| 072 | _aF70 | ||
| 100 | 1 | _aSteenbock, W. | |
| 100 | 1 | _aSiminski, A. | |
| 100 | 1 | _aFantini, A.C. | |
| 100 | 1 | _aReis, M.S. dos | |
| 245 | 1 | _aOcorrência da bracatinga (Mimosa scabrella BENTH.)em bracatingais manejados e em florestas secundárias na região do planalto catarinense | |
| 246 | 1 | _aOccurrence of bracatinga (Mimosa scabrella Benth.)in bracatinga traditional management system (bracatingais)and secondary forests in santa catarina state plateau | |
| 650 | _aBRACATINGA | ||
| 650 | _aMIMOSA SCABRELLA | ||
| 650 | _aINVENTÁRIO FLORESTAL | ||
| 650 | _aLEVANTAMENTO | ||
| 650 | _a | ||
| 773 | 0 |
_tRevista Árvore (Brazil) _xISSN 0100-6762 _g(Jul-Aug 2011), v. 35(4) p. 845-857 _wBR2013006568 |
|
| 856 | 4 |
_uhttp://www.scielo.br/pdf/rarv/v35n4/a10v35n4.pdf _yRecurso eletrônico (PDF) |
|
| 909 |
_a202311 _bLúcia _c55 _dLúcia Elande |
||
| 942 |
_2AGRIS _n0 _cANA |
||
| 999 |
_c230579 _d230579 |
||